000 00373pam a2200157a 44500
008 230515b1967 xxu||||| |||| 00| 0 eng d
020 _aNULL
041 _aENGLISH
082 _a630
100 _aALONE UDONATH
245 _aEVER BEYOUND THE MUCH TALKED OF SUBCONICIOUS
250 _a2
260 _aDELHI
_bPRAKASH B. PRINTERS
_c1967
300 _a50
650 _aNULL
999 _c651412
_d651412